[Event "BL2 Ost 1819 (Women)"]
[Site "Germany"]
[Date "2019.01.13"]
[Round "7.6"]
[White "Schiffer, Sabine"]
[Black "Spangenberg, Pia"]
[Result "1/2-1/2"]
[WhiteElo "1781"]
[BlackElo "1779"]
[PlyCount "32"]
[EventDate "2018.10.27"]
[EventType "team-tourn"]
[EventRounds "7"]
[EventCountry "GER"]
[SourceTitle "CBM 190 Extra"]
[Source "ChessBase"]
[SourceDate "2019.07.15"]
[SourceVersion "1"]
[SourceVersionDate "2019.07.15"]
[SourceQuality "1"]
[WhiteTeam "Niederwiesa Gruen Weiss (W)"]
[BlackTeam "Leipzig Lindenau (W)"]
[WhiteTeamCountry "GER"]
[BlackTeamCountry "GER"]

1. d4 d5 2. c4 e6 3. Nc3 Nf6 4. Bg5 Nbd7 5. e3 Be7 6. Nf3 0-0 7. Bd3 b6 8. 0-0 Bb7 9. Re1 Ne4 10. Bxe7 Qxe7 11. cxd5 exd5 12. Nd2 f5 13. f3 Nd6 14. Qc2 g6 15. b4 Nf6 16. b5 Rac8 1/2-1/2

[Event "BL2 Sued 1617 (Women)"]
[Site "Germany"]
[Date "2017.02.12"]
[Round "5.5"]
[White "Schiffer, Sabine"]
[Black "Beltz, Carmen"]
[Result "0-1"]
[WhiteElo "1565"]
[BlackElo "1920"]
[PlyCount "82"]
[EventDate "2016.10.22"]
[EventType "team-tourn"]
[EventRounds "7"]
[EventCountry "GER"]
[SourceTitle "EXT 2018"]
[Source "ChessBase"]
[SourceDate "2017.10.13"]
[SourceVersion "1"]
[SourceVersionDate "2017.10.13"]
[SourceQuality "1"]
[WhiteTeam "Niederwiesa (W)"]
[BlackTeam "Leipzig SG (W)"]
[WhiteTeamCountry "GER"]
[BlackTeamCountry "GER"]

1. d4 Nf6 2. c4 c5 3. d5 b5 4. e3 bxc4 5. Bxc4 d6 6. Nc3 Nbd7 7. Qa4 g6 8. Nge2 Bg7 9. 0-0 0-0 10. Qc2 Nb6 11. Qd3 Nfd7 12. f4 Nxc4 13. Qxc4 Nb6 14. Qd3 f5 15. b3 Bb7 16. Rb1 Qd7 17. Ba3 Rad8 18. Rbd1 Rfe8 19. Bc1 e6 20. dxe6 Rxe6 21. Rf2 d5 22. Qb5 Qxb5 23. Nxb5 a6 24. Na3 Rde8 25. Kf1 Bc6 26. Bd2 Bb2 27. Nb1 Bb5 28. Kg1 d4 29. Nxd4 cxd4 30. Ba5 Bc3 31. Nxc3 dxc3 32. Bxc3 Rxe3 33. Be5 Nd7 34. Rfd2 Nxe5 35. fxe5 R3xe5 36. Kf2 Re2+ 37. Kf3 Bc6+ 38. Kf4 R8e4+ 39. Kg5 Kg7 40. Rxe2 Rxe2 41. g3 Re4 0-1

[Event "BL2 Ost 1415 (Women)"]
[Site "Germany"]
[Date "2014.09.27"]
[Round "1.6"]
[White "Schiffer, Sabine"]
[Black "Alcer, Johanna"]
[Result "1/2-1/2"]
[WhiteElo "1595"]
[BlackElo "1179"]
[PlyCount "122"]
[EventDate "2014.09.27"]
[EventType "team-tourn"]
[EventRounds "7"]
[EventCountry "GER"]
[SourceTitle "CBM 166 Extra"]
[Source "ChessBase"]
[SourceDate "2015.06.18"]
[SourceVersion "1"]
[SourceVersionDate "2015.06.18"]
[SourceQuality "1"]
[WhiteTeam "Niederwiesa (W)"]
[BlackTeam "Berlin Empor (W)"]
[WhiteTeamCountry "GER"]
[BlackTeamCountry "GER"]

1. d4 d5 2. c4 e6 3. Nf3 c5 4. Nc3 Nc6 5. e3 Nf6 6. b3 Be7 7. Bb2 b6 8. cxd5 exd5 9. Bb5 Bb7 10. 0-0 0-0 11. Rc1 a6 12. Be2 Re8 13. Na4 cxd4 14. Nxd4 Qc7 15. Nxc6 Bxc6 16. Bxf6 Bxf6 17. Qxd5 Rec8 18. Qf5 Qb7 19. Bf3 Rc7 20. Bxc6 Rxc6 21. Rfd1 g6 22. Qf3 Rac8 23. Rxc6 Qxc6 24. Qxc6 Rxc6 25. b4 Kf8 26. g3 Ke7 27. f4 Ke6 28. g4 h6 29. Rd2 b5 30. Nc5+ Ke7 31. Rd7+ Ke8 32. Ra7 Be7 33. Ra8+ Bd8 34. Rxa6 Rxa6 35. Nxa6 Kd7 36. Kg2 Be7 37. Nc5+ Bxc5 38. bxc5 Kc6 39. Kf2 Kxc5 40. Ke2 Kb4 41. e4 Ka3 42. f5 gxf5 43. gxf5 Kxa2 44. e5 b4 45. e6 fxe6 46. fxe6 b3 47. e7 b2 48. e8Q b1Q 49. Qa4+ Kb2 50. Qb4+ Kc1 51. Qxb1+ Kxb1 52. Kf3 Kc2 53. Kg4 Kd3 54. h4 Kd4 55. Kf5 Kd5 56. h5 Kd6 57. Kg6 Ke6 58. Kxh6 Kf6 59. Kh7 Kf7 60. h6 Kf8 61. Kh8 Kf7 1/2-1/2

[Event "BL2 Ost 1314 (Women)"]
[Site "Germany"]
[Date "2014.01.26"]
[Round "3.6"]
[White "Nitzsche, Pia"]
[Black "Schiffer, Sabine"]
[Result "0-1"]
[WhiteElo "1683"]
[BlackElo "1569"]
[PlyCount "118"]
[EventDate "2013.11.30"]
[EventType "team-tourn"]
[EventRounds "7"]
[EventCountry "GER"]
[SourceTitle "EXT 2018"]
[Source "ChessBase"]
[SourceDate "2017.10.13"]
[SourceVersion "1"]
[SourceVersionDate "2017.10.13"]
[SourceQuality "1"]
[WhiteTeam "Chemnitz Aufbau (W)"]
[BlackTeam "Niederwiesa Gruen Weiss (W)"]
[WhiteTeamCountry "GER"]
[BlackTeamCountry "GER"]

1. c4 e5 2. g3 Nf6 3. Bg2 Bc5 4. Nc3 a6 5. d3 0-0 6. e3 Re8 7. Nge2 d6 8. 0-0 Nc6 9. a3 Rb8 10. b4 Ba7 11. Rb1 Bd7 12. a4 Ne7 13. b5 c6 14. Ba3 Bc5 15. Bxc5 dxc5 16. Qc2 axb5 17. cxb5 b6 18. Rbd1 Qc8 19. Rfe1 Ned5 20. d4 cxd4 21. Nxd5 cxd5 22. Qxc8 Rbxc8 23. exd4 e4 24. Rc1 Rxc1 25. Rxc1 Rc8 26. Rxc8+ Bxc8 27. Nc3 Bb7 28. Kf1 Ne8 29. f3 f5 30. g4 g6 31. Ke2 Nc7 32. Ke3 Ne6 33. Ne2 Kf7 34. Bh3 Kf6 35. gxf5 gxf5 36. Nf4 Ng7 37. Bf1 h6 38. Be2 Ne8 39. Bd1 Nc7 40. Bb3 Kg5 41. Bd1 Ba8 42. fxe4 fxe4 43. h3 Kf6 44. Bg4 Ne8 45. Be6 Nc7 46. Bd7 Ke7 47. Bg4 Kf6 48. Be2 Kf7 49. Bg4 Bb7 50. Bd7 Ke7 51. Bg4 Kf6 52. Bd1 Ne8 53. Bb3 Nc7 54. a5 bxa5 55. b6 a4 56. Nxd5+ Nxd5+ 57. Bxd5 Bxd5 58. h4 a3 59. h5 a2 0-1

[Event "BL2 Ost 1314 (Women)"]
[Site "Germany"]
[Date "2013.11.30"]
[Round "1.6"]
[White "Feierabend, Johanna"]
[Black "Schiffer, Sabine"]
[Result "1/2-1/2"]
[WhiteElo "1317"]
[BlackElo "1569"]
[PlyCount "89"]
[EventDate "2013.11.30"]
[EventType "team-tourn"]
[EventRounds "7"]
[EventCountry "GER"]
[SourceTitle "EXT 2018"]
[Source "ChessBase"]
[SourceDate "2017.10.13"]
[SourceVersion "1"]
[SourceVersionDate "2017.10.13"]
[SourceQuality "1"]
[WhiteTeam "Berlin Empor (W)"]
[BlackTeam "Niederwiesa Gruen Weiss (W)"]
[WhiteTeamCountry "GER"]
[BlackTeamCountry "GER"]

1. d4 d5 2. c4 e6 3. Nc3 Nf6 4. e3 b6 5. cxd5 exd5 6. Nf3 Bb7 7. Qc2 Be7 8. Bd2 Nbd7 9. Rc1 0-0 10. Nb5 c6 11. Nc3 Bd6 12. Bd3 h6 13. 0-0 Re8 14. Rfe1 c5 15. Nb5 Bb8 16. dxc5 Nxc5 17. Bf5 a6 18. Nbd4 Nce4 19. Bb4 Bd6 20. Bxd6 Qxd6 21. Qc7 Re7 22. Qxd6 Nxd6 23. Bh3 Nfe4 24. Rc2 g6 25. Rec1 Nc5 26. Rc3 Nde4 27. R3c2 Rb8 28. b4 Nd3 29. Rc7 Nxc1 30. Rxe7 Nxa2 31. b5 axb5 32. Ne5 Ng5 33. Bd7 Kf8 34. Nec6 Bxc6 35. Nxc6 Nb4 36. Re5 Nxc6 37. Bxc6 Rc8 38. h4 Nf3+ 39. gxf3 Rxc6 40. Rxd5 Rc1+ 41. Kg2 b4 42. Rb5 Rb1 43. Rxb6 b3 44. e4 b2 45. e5 1/2-1/2

[Event "BL2 West 0102 (Women)"]
[Site "Germany"]
[Date "2001.12.01"]
[Round "3.6"]
[White "Von Zweydorf, Kathrin"]
[Black "Schiffer, Sabine"]
[Result "1/2-1/2"]
[WhiteElo "1593"]
[BlackElo "1598"]
[PlyCount "89"]
[EventDate "2001.10.27"]
[EventType "team-tourn"]
[EventRounds "7"]
[EventCountry "GER"]
[SourceTitle "EXT 2003"]
[Source "ChessBase"]
[SourceDate "2002.11.25"]
[SourceVersion "1"]
[SourceVersionDate "2002.11.25"]
[SourceQuality "1"]
[WhiteTeam "Merseburg"]
[BlackTeam "Rodewisch II"]
[WhiteTeamCountry "GER"]
[BlackTeamCountry "GER"]

1. Nf3 d5 2. g3 Nc6 3. Bg2 e5 4. d3 h6 5. 0-0 Nf6 6. Nbd2 Bd6 7. e4 dxe4 8. Nxe4 Nxe4 9. dxe4 0-0 10. Be3 Bg4 11. h3 Be6 12. a3 Qe7 13. Qc1 Na5 14. Nh4 Nc4 15. Nf5 Bxf5 16. exf5 Nxe3 17. Qxe3 c6 18. Rfe1 f6 19. b4 a5 20. c3 axb4 21. axb4 c5 22. Reb1 Rxa1 23. Rxa1 cxb4 24. cxb4 Bxb4 25. Qb3+ Kh8 26. Rb1 Bc5 27. Qxb7 Qxb7 28. Rxb7 Rd8 29. Rb2 Rd1+ 30. Kh2 Rd8 31. Bf3 Kg8 32. Kg2 Kf8 33. Bh5 Ke7 34. Rb7+ Rd7 35. Rb2 Kd6 36. Rd2+ Bd4 37. Bf3 Kc5 38. Be4 Kc4 39. f3 Ra7 40. Rc2+ Bc3 41. g4 Kd4 42. Re2 Ra1 43. Kf2 Rd1 44. Bc2 Rd2 45. Rxd2+ 1/2-1/2